000 00863nam a2200241Ia 4500
003 OSt
005 20220927105652.0
006 a|||||r|||| 00| 0
007 ta
008 220926b |||||||| |||| 00| 0 eng d
024 _a195176
037 _cReference Collections
040 _aRTL
_cRTL
_beng
041 _2eng
_aeng
082 _a"U43:(G:55):(B), P7/Th"
100 _aRAI Pratibha
_9374122
245 0 _aEconomic valuation of environmental amenities in an urban setting
_b A case study
260 _a"Delhi,"
_b"University of Delhi, "
_c2007
300 _a189p Bibliography: P 177-89
_ccm.
490 _a"University of Delhi, Business Economics (Deptt. of-), Thesis.. Thesis, University of Delhi, Business Economics (Deptt. of-"
942 _h"U43:(G:55):(B), P7/Th"
_cCC
999 _c693816
_d693816